বাংলার ভাস্কর্য / (Record no. 2737)

MARC details
000 -LEADER
fixed length control field 01062nam a22002177a 4500
003 - CONTROL NUMBER IDENTIFIER
control field BD-DhJNU
005 - DATE AND TIME OF LATEST TRANSACTION
control field 20260427034231.0
008 - FIXED-LENGTH DATA ELEMENTS--GENERAL INFORMATION
fixed length control field 260427b |||||||| |||| 00| 0 eng d
020 ## - INTERNATIONAL STANDARD BOOK NUMBER
International Standard Book Number 9789849569947
040 ## - CATALOGING SOURCE
Original cataloging agency BD-DhJNU
Language of cataloging BEN
Transcribing agency BD-DhJNU
Modifying agency BD-DhJNU
082 ## - DEWEY DECIMAL CLASSIFICATION NUMBER
Edition number 23
Classification number 732.2
100 ## - MAIN ENTRY--PERSONAL NAME
Personal name গঙ্গোপাধ্যায়, কল্যাণকুমার
242 ## - TRANSLATION OF TITLE BY CATALOGING AGENCY
Title Sculpture of Bengal /
Statement of responsibility, etc. Kalyankumar Gangopadhyay
245 ## - TITLE STATEMENT
Title বাংলার ভাস্কর্য /
Statement of responsibility, etc. কল্যাণকুমার গঙ্গোপাধ্যায়
260 ## - PUBLICATION, DISTRIBUTION, ETC.
Place of publication, distribution, etc. ঢাকা :
Name of publisher, distributor, etc. জার্নিম্যান বুকস,
Date of publication, distribution, etc. 2021.
300 ## - PHYSICAL DESCRIPTION
Extent ২৭৯ পৃ. :
Other physical details চিত্র ;
Dimensions ২২ সেমি.।
504 ## - BIBLIOGRAPHY, ETC. NOTE
Bibliography, etc. note গ্রন্থপঞ্জিগত নির্দেশিকা ও নিঘন্ট অন্তভূক্ত
650 ## - SUBJECT ADDED ENTRY--TOPICAL TERM
Topical term or geographic name entry element Sculpture, Bengali -- বাংলার ভাস্কর্য
650 ## - SUBJECT ADDED ENTRY--TOPICAL TERM
Topical term or geographic name entry element Terracotta sculpture -- টেরাকোটা ভাস্কর্য
942 ## - ADDED ENTRY ELEMENTS (KOHA)
Source of classification or shelving scheme Dewey Decimal Classification
Koha item type Books
Suppress in OPAC No
Holdings
Withdrawn status Lost status Source of classification or shelving scheme Damaged status Not for loan Collection Home library Current library Shelving location Date acquired Source of acquisition Total checkouts Full call number Barcode Date last seen Copy number Price effective from Koha item type
    Dewey Decimal Classification     Non-fiction Jagannath University Central Library Jagannath University Central Library General stacks 04/27/2026 Purchase   732.2 GAS JNUCL36248 04/27/2026 1 04/27/2026 Books